000 00258nam a2200121Ia 4500
008 231129s1980||||xx |||||||||||||| ||spa||
040 _bfre
082 _aR 443.1 B554
245 0 _aLa Bescherelle
260 _c1980
264 _aHatier.
942 _2ddc
_cBKS
999 _c16469
_d16469